| 000 | 00799cam a2200217 4500 | ||
|---|---|---|---|
| 001 | 3650 | ||
| 005 | 20181127171658.0 | ||
| 008 | 751201s1976 nyu b 001 0 eng | ||
| 020 | _a0030851025 | ||
| 245 | 0 | 0 |
_aSixteenth-century English poetry and prose : _bA selective anthology / _cCompiled by Paul Delany, Jeffrey Ford, Robert W. Hanning, with the collaboration of Joyce F. Leana. |
| 260 |
_aNew York : _bHolt, Rinehart and Winston, _cc1976. |
||
| 300 |
_axi, 563 p. ; _c24 cm. |
||
| 500 | _aIncludes index. | ||
| 504 | _aBibliography: p. 555-557. | ||
| 504 | _aDiscography: p. 553-554. | ||
| 650 | 0 |
_aEnglish literature _yEarly modern, 1500-1700. |
|
| 651 | 0 |
_aEngland _xCivilization _y16th century _xSources. |
|
| 700 | 1 | _aDelany, Paul. | |
| 700 | 1 | _aFord, Jeffrey. | |
| 700 | 1 | _aHanning, Robert W. | |
| 999 |
_c2974 _d2974 |
||